| 000 | 00875nam a22003610a 4500 | ||
|---|---|---|---|
| 001 | PT37049 | ||
| 003 | AR-LpoUNG | ||
| 005 | 20210131230426.0 | ||
| 008 | 191001s2010||||ag |||||||||||||||||spa d | ||
| 020 |
_a9789875665682 _c$11.25 |
||
| 040 |
_aAR-LpoUNG _bspa _cAR-LpoUNG _eaacr |
||
| 041 | _aspa | ||
| 044 | _aag | ||
| 082 | 0 | _a982.065 54fui | |
| 100 | 1 | _aYofre, Juan B. | |
| 245 | 1 | 0 | _aFuimos todos |
| 250 | _a1§ edición | ||
| 260 |
_aBuenos Aires : _bDebolsillo, _c2010. |
||
| 300 |
_a488 p. : _bil. |
||
| 650 | 4 | _aANALISIS HISTORICO | |
| 650 | 4 | _aARGENTINA | |
| 650 | 4 | _aDICTADURA | |
| 650 | 4 | _aFUERZAS ARMADAS | |
| 650 | 4 | _aGOBIERNO MILITAR | |
| 650 | 4 | _aGOLPES DE ESTADO | |
| 650 | 4 | _aHISTORIA POLITICA | |
| 650 | 4 | _aINVESTIGACION | |
| 650 | 4 | _aTERRORISMO | |
| 650 | 4 | _aVIOLENCIA | |
| 651 | 4 | _aArgentina | |
| 905 | _a37049 | ||
| 942 | _cLIB | ||
| 999 |
_c3267 _d3267 |
||